000 00466nab a2200145Ia 4500
003 ES-SlBCS
005 20210601134427.0
008 140529s1996 xxu||||| |||| 00| 0 spa d
041 _aspa
100 1 _aRossetti, Livio
_967002
245 0 0 _aEl momentos epikairos (Kairós espontáneo, kairós negativo, kairós inducido, contra-kairós)
_c Livio Rossetti
650 0 4 _aKairós
_946286
773 0 _tAnalogia
_gvol. 10, nº. 2, 1996, págs. 3-30
_wRev19
942 _cAR
999 _c612426
_d612426